LIBRARY & INFORMATION CENTRE, KCAET, TAVANUR

ONLINE PUBLIC ACCESS CATALOGUE (OPAC)

Akeli / (Record no. 2889)

MARC details
000 -LEADER
fixed length control field 00438cam a2200193ua 4500
041 ## - LANGUAGE CODE
Language code of text/sound track or separate title hin
082 ## - DEWEY DECIMAL CLASSIFICATION NUMBER
Classification number 891.43
Item number RAJ/AK
100 ## - MAIN ENTRY--AUTHOR NAME
Personal name Rajendra , Yadav .
245 ## - TITLE STATEMENT
Title Akeli /
250 ## - EDITION STATEMENT
Edition statement 1 /
260 ## - PUBLICATION, DISTRIBUTION, ETC. (IMPRINT)
Place of publication :
Name of publisher Hind Pocket books ,
Year of publication 1961.
300 ## - PHYSICAL DESCRIPTION
Number of Pages 115 ; .
700 1# - ADDED ENTRY--PERSONAL NAME
Personal name Mannu , bhandari .
942 ## - ADDED ENTRY ELEMENTS (KOHA)
Koha item type Books
Holdings
Withdrawn status Lost status Damaged status Home library Current library Date acquired Full call number Accession Number Koha item type Public note
Withdrawn     KAUAET Sanskrit University 07/04/2012 891.43 6462 Books Transferred to Sanskrit University
free website counter